Top 10 des plats les plus consommés dans le monde - Statistiques

Statistiques générales
  • Ce quiz a été pris 132 fois
  • Le résultat moyen est 5 sur 10
Statistiques - réponses
Hint Réponse % Correct
~3 500 Mrd portions Pâtes
89%
~5 000 Mrd portions Riz
81%
5 Mrd portions entières Pizza
71%
~100 Mrd portions Poulet
49%
~50 Mrd Hamburger
45%
~3 000 Mrd portions Pain
42%
~10 Mrd portions Sushi
40%
~2 000 Mrd bols Soupe
37%
~4,5 Mrd Tacos
26%
~1 500 Mrd portions Curry
9%
Aucun quiz correspondant
Distribution des résultats
% des personnes avec chaque résultat
Percentile par nombre de réponses
Votre historique - résultats
Vous n’avez pas pris ce quiz